000 00495nam a22001577a 4500
003 macl
005 20221214152224.0
008 221214b |||||||| |||| 00| 0 eng d
040 _cmacl
082 _a741.642
100 _aमित्तल,डॉ .महेन्‍द्र
_981615
245 _aबाल रामायण
260 _aदिल्‍ली
_b अग्नि प्रकाशन
_c2022
650 _aचिल्‍ड्रन बुक
_9159
942 _2ddc
_cHIN
999 _c65757
_d65757